| 000 | 00460nam a2200169Ia 4500 | ||
|---|---|---|---|
| 003 | LK-CoDNM | ||
| 008 | 010623t2012 xxu||||| |||| 00| 1 sin d | ||
| 040 |
_aLK-CoDNM _dLK-CoDNM _eLK-CoDNM |
||
| 041 | _asin | ||
| 080 | _a294.3 WAN | ||
| 100 | _aWanigasekara,Somasiri | ||
| 245 | _aබලන් කඩතුරා හැර දෑසේ -01 | ||
| 246 | _aBalan Kadatura Hara Dasee -01 | ||
| 260 |
_bS.n. _aS.I. _c2012 |
||
| 300 | _b170, 21 cm | ||
| 942 | _cBK | ||
| 999 |
_c132598 _d132598 |
||